| 000 | 00561nam a2200229 a 4500 | ||
|---|---|---|---|
| 001 | nice12345678 | ||
| 003 | IN_TiNIC | ||
| 005 | 20260116011915.0 | ||
| 008 | 070625s1957 mysa grp 000 0 eng | ||
| 020 |
_a _c100 |
||
| 082 | 0 | 0 |
_a227.87 _bELL |
| 100 | _aElliott, A B | ||
| 245 |
_aHebrews _bIntroduction and Commentary |
||
| 260 |
_aMysore _bNo Publisher _c1957 |
||
| 300 | _a142p | ||
| 500 | _aincludes index and biblioraphy | ||
| 650 | _aBible N.T. Epistles Hebrew | ||
| 700 | 1 | _aElliott, A B | |
| 902 | _bSRS | ||
| 942 | _cBK | ||
| 999 |
_c4862 _d4862 |
||